[Event "TUR-chT 2nd League"]
[Site "Konya"]
[Date "2019.07.25"]
[Round "5.11"]
[White "Ucar, Bugra"]
[Black "Tay, Ugur Can"]
[Result "1-0"]
[WhiteElo "1728"]
[BlackElo "1681"]
[PlyCount "55"]
[EventDate "2019.07.22"]
[EventType "team-swiss"]
[EventRounds "9"]
[EventCountry "TUR"]
[SourceTitle "CBM 191 Extra"]
[Source "ChessBase"]
[SourceDate "2019.09.30"]
[SourceVersion "1"]
[SourceVersionDate "2019.09.30"]
[SourceQuality "1"]
[WhiteTeam "Mardin Kale"]
[BlackTeam "Konya Erkin"]
[WhiteTeamCountry "TUR"]
[BlackTeamCountry "TUR"]

1. e4 e5 2. Nf3 Nf6 3. Nxe5 d6 4. Nf3 Nxe4 5. d4 d5 6. Bd3 Bd6 7. 0-0 0-0 8. c4 c6 9. Nc3 Nxc3 10. bxc3 dxc4 11. Bxc4 Bg4 12. Qd3 Qc7 13. h3 Bh5 14. Nh4 Qd8 15. Nf5 Bg6 16. Qf3 Re8 17. h4 h5 18. Bg5 Qd7 19. Bd3 Na6 20. Rab1 Bf8 21. g4 hxg4 22. Qxg4 Qc8 23. h5 Bh7 24. Bf6 g6 25. hxg6 Bxg6 26. Qh4 Bg7 27. Bxg7 f6 28. Bc4+ 1-0

[Event "TUR-chT 2nd League"]
[Site "Konya"]
[Date "2019.07.23"]
[Round "3.11"]
[White "Acar, Cengiz Can"]
[Black "Tay, Ugur Can"]
[Result "1/2-1/2"]
[WhiteElo "1756"]
[BlackElo "1681"]
[PlyCount "51"]
[EventDate "2019.07.22"]
[EventType "team-swiss"]
[EventRounds "9"]
[EventCountry "TUR"]
[SourceTitle "CBM 191 Extra"]
[Source "ChessBase"]
[SourceDate "2019.09.30"]
[SourceVersion "1"]
[SourceVersionDate "2019.09.30"]
[SourceQuality "1"]
[WhiteTeam "Eskiseh Tasci"]
[BlackTeam "Konya Erkin"]
[WhiteTeamCountry "TUR"]
[BlackTeamCountry "TUR"]

1. g3 d5 2. Bg2 Nf6 3. c4 c6 4. cxd5 cxd5 5. Nc3 Nc6 6. d4 e6 7. Nf3 Bd6 8. 0-0 0-0 9. a3 a6 10. b4 Bd7 11. Bg5 h6 12. Bxf6 Qxf6 13. e4 dxe4 14. Nxe4 Qe7 15. d5 exd5 16. Qxd5 Bc7 17. Nc5 Be6 18. Nxe6 Qxe6 19. Qxe6 fxe6 20. Rac1 Bb6 21. Rce1 Rf6 22. Ne5 Nxe5 23. Rxe5 Rd8 24. Bh3 Kf7 25. Kg2 Bd4 26. Re4 1/2-1/2

[Event "TUR-chT2"]
[Site "Konya"]
[Date "2017.07.15"]
[Round "9.5"]
[White "Melik, Enes"]
[Black "Tay, Ugur Can"]
[Result "1-0"]
[WhiteElo "1435"]
[BlackElo "1527"]
[PlyCount "85"]
[EventDate "2017.07.09"]
[EventType "team-swiss"]
[EventRounds "9"]
[EventCountry "TUR"]
[SourceTitle "CBM 179 Extra"]
[Source "ChessBase"]
[SourceDate "2017.08.23"]
[SourceVersion "1"]
[SourceVersionDate "2017.08.23"]
[SourceQuality "1"]
[WhiteTeam "Sakarya Buyuksehir"]
[BlackTeam "Buyuk Ustalar"]
[WhiteTeamCountry "TUR"]
[BlackTeamCountry "TUR"]

1. f4 d5 2. b3 Nf6 3. e3 g6 4. Nf3 Bg7 5. Bb2 0-0 6. Be2 c5 7. 0-0 a6 8. Qe1 Nc6 9. d3 Re8 10. Ne5 Bd7 11. Nd2 Qb6 12. Qg3 Rad8 13. Ndf3 Nh5 14. Qh4 Bf6 15. Qf2 Bg7 16. g4 Bxg4 17. Nxc6 bxc6 18. Bxg7 Nxg7 19. Qg2 Bf5 20. Ne5 Qc7 21. e4 dxe4 22. dxe4 Be6 23. Bxa6 Qb6 24. Bc4 Bxc4 25. Nxc4 Qc7 26. Qf2 Rd4 27. Rae1 Qa7 28. a4 e6 29. Ne5 Rd6 30. Rd1 Rxd1 31. Rxd1 Qb6 32. Nd7 Qd8 33. e5 Kh8 34. Qxc5 Re7 35. Rd3 Nh5 36. Nf6 Qc7 37. Nxh5 gxh5 38. Rd6 Kg7 39. Rxc6 Qd8 40. Rd6 Qa8 41. Rd2 Re8 42. Rg2+ Kh6 43. Qe3 1-0